Lian ai xiao shuo . Love novel

Bibliographic Details
Main Author: Jiang Qian Ling
Format: Book
Published: Hong Kong : Wolf Publication Co. Ltd , 2005
Subjects:

MARC

LEADER 00000cam a2200000 7i4500
001 0000117069
005 20251007114200.0
020 |a 9889831678 
090 0 0 |a FMC   |b JIA 
100 0 |a Jiang Qian Ling 
245 1 0 |a Lian ai xiao shuo .   |p Love novel   |c Jiang Qian Ling 
260 |a Hong Kong :   |b Wolf Publication Co. Ltd ,   |c 2005 
300 |a 257p. ;   |c 21cm. 
650 0 0 |a Chinese fiction 
650 0 0 |a Chinese language 
999 |a 00210522   |b BUKU   |c FICTION MANDARIN COLLECTION   |e PERPUSTAKAAN KOMUNITI PETALING JAYA